[Event "HCL-A2481"]
[Site "www.playchess.de"]
[Date "2006.01.01"]
[Round "19"]
[White "learche"]
[Black "asskicker"]
[WhiteElo "1405"]
[BlackElo "1559"]
[PlyCount "73"]
[Result "0-1"]

1.e4 c5 2.Bc4 e6 3.e5 Nc6 4.Nf3 d6 5.exd6 Bxd6 
6.d3 Nf6 7.Nc3 O-O 8.Bg5 h6 9.Bh4 Be7 10.Qd2 Na5 
11.O-O-O a6 12.a3 Nxc4 13.dxc4 Qxd2+ 14.Nxd2 Re8 
15.Bxf6 Bxf6 16.Nde4 Be7 17.h3 b6 18.Rhg1 Bb7 
19.g4 Bxe4 20.Nxe4 Rab8 21.Rd7 Bh4 22.f3 b5 
23.Nxc5 Bf2 24.Nxa6 Bxg1 25.Nxb8 Rxb8 26.cxb5 Be3+ 
27.Kb1 Rxb5 28.Rd8+ Kh7 29.Rd7 Kg6 30.a4 Rb4 31.b3 
Rf4 32.a5 Rxf3 33.h4 Rf4 34.Rd3 Bf2 35.a6 Rxg4 
36.h5+ Kxh5 37.Rd7 0-1

[Event "HCL-B3711"]
[Site "www.playchess.de"]
[Date "2006.01.01"]
[Round "3"]
[White "sundfar"]
[Black "mel"]
[WhiteElo "1271"]
[BlackElo "1214"]
[PlyCount "51"]
[Result "1-0"]

1.d4 {hello}  c6 {hi.}  2.c4 e6 3.Nc3 h6 4.Nf3 d6 
5.Bf4 Nf6 6.e3 a6 7.Be2 Be7 8.O-O Nbd7 9.b3 c5 
10.Re1 d5 11.Rc1 b6 12.cxd5 exd5 13.a4 Bb7 14.Nh4 
O-O 15.Nf5 Ne4 16.Bh5 Ndf6 17.Bg4 Bc8 18.dxc5 Bxc5 
19.Be5 Nxf2 20.Kxf2 Ra7 21.Kg1 Bb4 22.Rf1 Bb7 
23.Nxh6+ gxh6 24.Rxf6 d4 25.Rxh6 Bxc3 
26.Rh8+ 1-0

[Event "HCL-B3692"]
[Site "www.playchess.de"]
[Date "2006.01.01"]
[Round "13"]
[White "knoppe"]
[Black "Yngve777"]
[WhiteElo "1234"]
[BlackElo "1300"]
[PlyCount "41"]
[Result "1-0"]

1.e4 g6 2.Nc3 Bg7 3.Bc4 c6 4.d3 d5 5.exd5 b5 6.Bb3 
b4 7.Nce2 cxd5 8.c4 bxc3 9.bxc3 Nc6 10.Nf3 e6 
11.Bb2 Nge7 12.Rb1 Rb8 13.Ba4 Qa5 14.O-O O-O 
15.Qd2 Qxa4 16.a3 Ba6 17.h3 Nf5 18.d4 Bh6 19.Nf4 
Bxf1 20.Kxf1 e5 21.Nxe5 1-0

[Event "ACL-A650"]
[Site "www.playchess.de"]
[Date "2006.01.01"]
[Round "1"]
[White "fear_me_alot"]
[Black "stepas"]
[WhiteElo "1500"]
[BlackElo "1500"]
[PlyCount "20"]
[Result "0-1"]

1.e4 g6 2.Bc4 a6 3.d3 c6 4.Nf3 d5 5.Bb3 dxe4 
6.dxe4 Qxd1+ 7.Kxd1 Nf6 8.Ne5 Nxe4 9.Re1 Bf5 
10.Bxf7+ Kd8 0-1

[Event "HCL-C3934"]
[Site "www.playchess.de"]
[Date "2006.01.01"]
[Round "8"]
[White "zemljanin"]
[Black "mothball"]
[WhiteElo "1413"]
[BlackElo "1255"]
[PlyCount "97"]
[Result "1/2-1/2"]

1.e4 {hi}  c6 {hi again}  2.d4 d5 3.f3 dxe4 4.fxe4 
e6 5.Nf3 c5 6.c3 cxd4 7.Qxd4 Nc6 8.Bb5 Bd7 9.Bxc6 
Bxc6 10.Nbd2 Qxd4 11.Nxd4 Ne7 12.Nxc6 Nxc6 13.Nf3 
Be7 14.Be3 O-O 15.O-O-O Rfd8 16.Bf4 f5 17.exf5 
exf5 18.Bc7 Rxd1+ 19.Rxd1 Rc8 20.Rd7 Kf7 21.Bf4 b5 
22.Ng5+ Kg6 23.Ne6 Kf7 {(offering draw)}  24.Nc7 
b4 25.Bd6 Rd8 26.Rxd8 Bxd8 27.Na6 bxc3 28.bxc3 Ke6 
29.Bf4 Kd5 30.a3 h6 31.Nb4+ Nxb4 32.axb4 g5 33.Be3 
Bb6 34.Bd2 f4 35.Kc2 Ke4 36.c4 Be3 37.Be1 g4 
38.Kd1 f3 39.gxf3+ gxf3 40.Bg3 a6 41.c5 Kd5 42.Ke1 
Bd4 43.Kf1 Bc3 44.Be1 Bd4 45.Bd2 h5 46.Be1 Kc6 
47.h3 Kb5 48.Bd2 Kc6 49.Be1 {(offering draw) 
draw...}  1/2-1/2

[Event "HCL-A2532"]
[Site "www.playchess.de"]
[Date "2006.01.01"]
[Round "3"]
[White "pawnstorm"]
[Black "dynamike"]
[WhiteElo "1529"]
[BlackElo "1475"]
[PlyCount "85"]
[Result "1-0"]

1.e4 c5 2.Nf3 e6 3.d4 cxd4 4.Nxd4 a6 5.Nc3 Qc7 
6.Be3 Bb4 7.Qd2 Nf6 8.Bd3 d5 9.a3 dxe4 10.axb4 
exd3 11.Qxd3 O-O 12.O-O Rd8 13.Qe2 e5 14.Nb3 b6 
15.Rad1 Nbd7 16.Rd2 Bb7 17.Rfd1 Qc6 18.Qf1 Ng4 
19.Bg5 f6 20.Bh4 Nh6 21.f3 Nf7 22.Bf2 a5 23.b5 Qc7 
24.Na4 f5 25.R2xd7 Rxd7 26.Rxd7 Qxd7 27.Nxb6 Qc7 
28.Nxa8 Bxa8 29.c3 Bd5 30.b6 Qe7 31.Nxa5 e4 
32.fxe4 Qxe4 33.c4 Ba8 34.b4 Ng5 35.b5 Nh3+ 36.Kh1 
Nf4 37.c5 Nxg2 38.Qc4+ Qxc4 39.Nxc4 Ne3+ 40.Kg1 
Nxc4 41.c6 Nd6 42.Bc5 Nxb5 43.b7 1-0

[Event "HCL-A2458"]
[Site "www.playchess.de"]
[Date "2006.01.01"]
[Round "26"]
[White "alldrix"]
[Black "Baldrick"]
[WhiteElo "1684"]
[BlackElo "1684"]
[PlyCount "36"]
[Result "0-1"]

1.e4 {greetings from Aracaju}  Nf6 {greetings from 
http://www.baldrick.smartemail.co.uk}  2.Nc3 {nice 
to see you and your family}  d6 {Thanks!}  3.Bc4 
Nxe4 4.Bxf7+ Kxf7 5.Nxe4 Kg8 6.b3 e5 7.d4 exd4 
8.Qxd4 d5 9.Nc3 Be6 10.Qe5 Qd6 11.Bf4 Qxe5+ 
12.Bxe5 Bb4 13.Nge2 Nd7 14.a3 Bxc3+ 15.Bxc3 c5 
16.O-O Kf7 17.Rfe1 Bf5 18.Rad1 
d4 0-1

[Event "HCL-E1459"]
[Site "www.playchess.de"]
[Date "2006.01.01"]
[Round "11"]
[White "tensai"]
[Black "Kalango"]
[WhiteElo "1435"]
[BlackElo "1906"]
[PlyCount "53"]
[Result "1-0"]

1.c4 {Hello.}  c5 {hello again}  2.Nc3 Nc6 3.e3 g6 
4.b3 Bg7 5.Rb1 Nf6 6.Nf3 O-O 7.Be2 a6 8.O-O d6 
9.h3 Bf5 10.d3 b5 11.e4 Bd7 12.Qd2 b4 13.Na4 Rb8 
14.Nh2 Qa5 15.Nf3 Nd8 16.Nh2 Bxa4 17.bxa4 Qxa4 
18.Bd1 Qa5 19.a3 Nc6 20.a4 Nd7 21.Nf3 Nde5 22.Nxe5 
Nxe5 23.Bb3 Qc7 24.f4 Nc6 25.Qe1 Qd7 26.Kh1 Nd4 
27.Bb2 1-0

[Event "ACL-A641"]
[Site "www.playchess.de"]
[Date "2006.01.01"]
[Round "10"]
[White "wurmt"]
[Black "BDG_Girl"]
[WhiteElo "1412"]
[BlackElo "1753"]
[PlyCount "28"]
[Result "0-1"]

1.e4 {Nice to meet you. Good luck.}  d5 {Hello and 
good luck!}  2.exd5 Qxd5 3.Nc3 Qa5 4.d4 Nf6 5.Nf3 
c6 6.Bc4 Bg4 7.Qd3 e6 8.Bd2 Nbd7 9.O-O-O Qb6 
10.Ne5 Bxd1 11.Rxd1 Bb4 12.Qe3 Nxe5 13.Qxe5 O-O 
14.a3 Be7 {Merry Christmas and my God Bless you 
and your family!}  0-1

[Event "HCL-B3805"]
[Site "www.playchess.de"]
[Date "2006.01.01"]
[Round "10"]
[White "newplayer"]
[Black "RUDI"]
[WhiteElo "1088"]
[BlackElo "1288"]
[PlyCount "42"]
[Result "0-1"]

1.e4 {:-) hallo rudi bekomme ich jetzt mein 
nachtraegliches weihnachtsgeschenk}  e5 {x-mas is 
over. Du hattest Deine Chance.
Ich grüße Dich und jetzt schauen wir halt mal wie 
es jetzt läuft. Die Bilanz sagt 2:1 für Dich.}  
2.d4 {ok mal sehn ob ich verbessern kann:-)}  exd4 
3.Qxd4 Nc6 {fängst ja schon wieder an mit der Dame 
rum zu fuchteln...}  4.Qd1 {:-) weil nur hier sie 
tun was ich sage}  Bc5 5.c3 d6 6.Bb5 Bd7 7.Bxc6 
Bxc6 8.b4 Bb6 9.f3 Nf6 10.Bg5 O-O 11.Ne2 Qe7 
12.Nd4 h6 13.Nxc6 bxc6 14.Bxf6 Qxf6 15.a4 d5 16.a5 
Be3 17.exd5 cxd5 18.Qxd5 Rad8 {heute Abend gibt`s 
Rotwein aus Südafrika. Frohes Neues Jahr!}  19.Qb7 
{ich wuensch euch ein frohes gesundes 2006 trink 
ein glas fuer mich mit}  Rfe8 {Gerne. Vom Guiness 
auch ein Gläschen?}  20.Qe4 {was fuer einen wein 
trinkt ihr denn aus  s a}  Rxe4 {Shiraz}  21.fxe4 
{ na kopfschmerzen heute morgen ? der ist gut 
trink ich auch manchmal}  Qf2+ {nö. mam muss es ja 
auch nicht übertreiben.Aber Du bist Schachmatt!} 
 0-1

[Event "HCL-B3760"]
[Site "www.playchess.de"]
[Date "2006.01.01"]
[Round "10"]
[White "knightprancer"]
[Black "RUDI"]
[WhiteElo "1284"]
[BlackElo "1284"]
[PlyCount "63"]
[Result "1-0"]

1.g3 {Guten Tag !}  d5 {Howdy!}  2.Bg2 {Are you 
new to Playchess ,i've not seen you on here before 
?}  Nf6 {relatively knew, but soon my first 100 
games done}  3.c4 {I enjoy the format of this site 
. The graphics are simple but effective .Alot of 
thought went into creating this site !}  Bf5 {yes, 
it`s very useful}  4.cxd5 {Do you play in over the 
board tournaments in Germany ?}  Nxd5 {no time for 
such things. are you doing more than playchess in 
the internet?}  5.a3 {The occasional game as a 
guest on ICC -Internet Chess Club and I have 
always 1 or 2 games on the go at PlayChess's link 
site ..Chess World to practise new openings and 
variations.}  e6 {interesting.}  6.e4 Nc6 7.exf5 
{do you know of any german chess magazine names ?} 
 exf5 {there are some available here, it`s a long 
time ago I read some.}  8.Qb3 {have you ever done 
a web search on -chess ...? thousands and 
thousands of internet sites! it's truly mind 
blowing ,one needs never the buy a hard copy 
again.}  Nb6 {yes, an abundance of data. almost 
every move possible}  9.Ne2 {I enjoy visiting a 
Canadian chess post it board site call ChessTalk 
which keeps me informed of the Canadian chess 
scene.Does Germany have such a site that you know 
of ?}  Bd6 {I don`t know.}  10.O-O O-O 11.Bxc6 
bxc6 12.Nd4 Qd7 13.Qf3 c5 14.Nxf5 Rad8 15.Nc3 Kh8 
16.Qg4 {Merry Christmas Rudi !}  g6 {Merry 
Christmas to you, Knightprancer!}  17.Ne3 {What 
would a traditional Christmas meal be ? A 
traditional meal here consists of roast turkey or 
ham with stuffing ,potatoes ,assortment of 
vegtables,squash,yams or turnips,cranberry sauce 
,gravy and many kinds of pasty, pies and cookies 
!}  a6 {yeah, turkey, goose, duck, with dumplings 
or potatoes and everything else. After chrismas 
you gotta do a lot of trainig to loose the pounds 
again...Funny horse-pawn-constellation you got 
here}  18.Qe2 {lol yes  it's the Capricorn over 
the board constellation}  f5 19.Qxa6 f4 20.Ned5 
Nxd5 21.Nxd5 fxg3 22.hxg3 Rf5 {good nite.}  23.Qd3 
{guten nacht}  Rdf8 24.b4 R5f3 25.Qe2 Bxg3 26.Bb2+ 
Kg8 27.Ne7+ {this is a very intresting position !} 
 Qxe7 {but my chances are gone...}  28.Qxe7 {there 
were many lines of play to work through so as not 
to mess up ,you had a very dangerous attack going 
!}  R3f7 {I did, but lost it all...}  29.Qe6 Bh4 
30.bxc5 {in north america we have a saying that 
goes like this " it aint over till it's over sings 
the fat lady " ....and I don't here her singing 
..so cheer up ! :)}  g5 {North 
America...
I`m singing in the rain - in vain...}  31.Bd4 
{Happy New Years RUDI !}  h6 {Happy New Year to 
you, too!}  32.Qg6+ 1-0

[Event "HCL-B3788"]
[Site "www.playchess.de"]
[Date "2006.01.01"]
[Round "16"]
[White "dg"]
[Black "ama49"]
[WhiteElo "1189"]
[BlackElo "1217"]
[PlyCount "61"]
[Result "1-0"]

1.e4 {hi again}  e5 {hello}  2.Nf3 Nc6 3.Bb5 a6 
4.Bxc6 bxc6 5.d3 d5 6.Nxe5 dxe4 7.Qe2 Qd5 8.Qxe4 
Qxe4+ 9.dxe4 Bb7 10.O-O Nf6 11.f3 Bd6 12.Nd3 Nd7 
13.Nc3 O-O 14.Bf4 c5 15.Na4 Bxf4 16.Nxf4 Rfe8 
17.Nd3 c4 18.Nf4 Ne5 19.Nc5 Rab8 20.b3 cxb3 
21.axb3 h6 22.Nxb7 Rxb7 23.Rxa6 Nd7 24.Nd5 Nc5 
25.Rc6 Rc8 26.Ne7+ Kf8 27.Nxc8 Ne6 28.Rd1 Kg8 
29.Rd7 Nf4 30.Rcxc7 Rxc7 31.Rxc7 {Good morning} 
 1-0

[Event "HCL-E1478"]
[Site "www.playchess.de"]
[Date "2006.01.01"]
[Round "7"]
[White "carlosmadeira"]
[Black "jameson"]
[WhiteElo "1570"]
[BlackElo "1705"]
[PlyCount "60"]
[Result "0-1"]

1.e4 e6 2.d4 d5 3.e5 c5 4.c3 Nc6 5.Nf3 Bd7 6.Be3 
Qb6 7.Qc2 Rc8 8.Bd3 cxd4 9.Bxd4 Nxd4 10.Nxd4 Bc5 
11.Nb3 Ba4 12.O-O g6 13.N1d2 Bf8 14.Qb1 Bg7 15.Qe1 
Ne7 16.Rb1 Nc6 17.Nf3 Bxb3 18.axb3 Qxb3 19.Qe2 Qb6 
20.Kh1 O-O 21.Nd2 Nxe5 22.f4 Nxd3 23.Qxd3 Bh6 
24.Qh3 Bg7 25.Rf3 Rc6 26.Rg3 Qf2 27.Nf3 Qc2 28.Re1 
Qxb2 29.Ng5 h6 30.Nf3 Qxc3 0-1

[Event "HCL-E1519"]
[Site "www.playchess.de"]
[Date "2006.01.01"]
[Round "5"]
[White "carlosmadeira"]
[Black "scylla"]
[WhiteElo "1536"]
[BlackElo "1455"]
[PlyCount "44"]
[Result "0-1"]

1.e4 c5 2.Nf3 d6 3.Bc4 Nf6 4.Nc3 g6 5.d4 cxd4 
6.Nxd4 Bg7 7.O-O O-O 8.Be3 Nc6 9.f4 Bd7 10.f5 Qb6 
11.fxg6 hxg6 12.Qc1 Nxd4 13.Rd1 Ng4 14.Nd5 Qc5 
15.Bd3 Nxe3 16.Nxe3 Bh6 17.Re1 f5 18.Kh1 fxe4 
19.Bxe4 Bf5 20.c3 Bxe4 21.cxd4 Qxc1 22.Raxc1 {H}  
Rf2 0-1

[Event "HCL-B3682"]
[Site "www.playchess.de"]
[Date "2006.01.01"]
[Round "2"]
[White "thor"]
[Black "Vasudevan"]
[WhiteElo "1007"]
[BlackElo "1600"]
[PlyCount "97"]
[Result "1-0"]

1.e4 e5 2.Nf3 Nc6 3.Bb5 a6 4.Ba4 Nf6 5.O-O Be7 
6.Re1 O-O 7.d3 d6 8.h3 b5 9.Bb3 Be6 10.c3 Bxb3 
11.Qxb3 Na5 12.Qc2 Rb8 13.Bg5 h6 14.Bh4 c6 15.Nbd2 
d5 16.exd5 Qxd5 17.Nf1 Bc5 18.Bxf6 gxf6 19.d4 exd4 
20.cxd4 Bxd4 21.Nxd4 Qxd4 22.Rad1 Qf4 23.Ng3 Nc4 
24.Re4 Qg5 25.Rg4 Qxg4 26.hxg4 Rb7 27.Nf5 Ne5 
28.Nxh6+ Kg7 29.Nf5+ Kh8 30.Kf1 Rg8 31.f3 Rbb8 
32.Kf2 Rge8 33.Nd6 Re6 34.Nf5 Rg8 35.Rd6 Nc4 
36.Rxe6 fxe6 37.Ne7 Rg5 38.Nxc6 e5 39.a4 bxa4 
40.Qxc4 Rg7 41.Qxa6 a3 42.Qxa3 Rc7 43.Qf8+ Kh7 
44.Qxf6 Kg8 45.Ne7+ Rxe7 46.Qxe7 Kh8 47.b4 e4 
48.b5 exf3 49.b6 1-0

[Event "HCL-C4060"]
[Site "www.playchess.de"]
[Date "2006.01.01"]
[Round "7"]
[White "IRONMAIDEN"]
[Black "ama49"]
[WhiteElo "1406"]
[BlackElo "1190"]
[PlyCount "81"]
[Result "1-0"]

1.e4 e5 2.Nc3 Nf6 3.Nf3 Nc6 4.Bb5 a6 5.Bxc6 bxc6 
6.O-O d6 7.d3 Bg4 8.Bg5 Be7 9.Qe2 O-O 10.Qe3 Bxf3 
11.Qxf3 d5 12.exd5 cxd5 13.Bxf6 Bxf6 14.Nxd5 Rb8 
15.Rab1 c6 16.Ne3 c5 17.Nc4 Qd4 18.b3 Qc3 19.Qe2 
a5 20.h3 a4 21.Kh1 Qd4 22.bxa4 h6 23.Rb5 Rxb5 
24.axb5 Rb8 25.a4 Bd8 26.Rb1 f6 27.f3 Bc7 28.Qe4 
Qc3 29.Rb2 Qd4 30.Qxd4 exd4 31.Kg1 Ra8 32.Ra2 g5 
33.Kf2 Kg7 34.b6 Bd8 35.a5 Ra6 36.b7 Bc7 37.Rb2 
Bb8 38.Rb6 Ra7 39.a6 h5 40.Na5 Kg6 
41.Nc6 1-0

[Event "HCL-B3774"]
[Site "www.playchess.de"]
[Date "2006.01.01"]
[Round "20"]
[White "GMO"]
[Black "nichju"]
[WhiteElo "1312"]
[BlackElo "1007"]
[PlyCount "62"]
[Result "1-0"]

1.e4 e5 2.Bc4 Nf6 3.d3 Nc6 4.a3 Bc5 5.h3 d6 6.Qf3 
Nd4 7.Qd1 Bd7 8.c3 Nb5 9.a4 Nxc3 10.Nxc3 Bb4 
11.Bd2 O-O 12.Nf3 h6 13.O-O c6 14.Ne2 Bxd2 15.Qxd2 
d5 16.Ba2 dxe4 17.dxe4 Nxe4 18.Qb4 Bf5 19.Nxe5 Kh7 
20.Nxf7 Qd3 21.Bc4 Qd7 22.Ne5 Qe8 23.Nf3 Qg6 
24.Nh4 Qg5 25.Nxf5 Rxf5 26.Ng3 Nxg3 27.fxg3 Qe3+ 
28.Kh2 Rg5 29.Rf3 Qe5 30.Bd3+ Kh8 31.Qf8+ 
Rxf8 1-0

[Event "HCL-A2519"]
[Site "www.playchess.de"]
[Date "2006.01.01"]
[Round "20"]
[White "schachsky"]
[Black "mitke"]
[WhiteElo "1141"]
[BlackElo "1358"]
[PlyCount "44"]
[Result "0-1"]

1.d4 {Have a nice game!}  Nf6 {hello from Croatia} 
 2.Nf3 {Hello from Holland, have a nice game!}  g6 
3.c3 Bg7 4.Bf4 d6 5.Nbd2 Bf5 6.Nh4 Qd7 7.g3 Nc6 
8.Bg2 O-O-O 9.Nxf5 gxf5 10.O-O e5 11.dxe5 dxe5 
12.Be3 Ng4 13.Bxc6 Qxc6 14.Qc2 {have a merry 
christmas and a happy new year!}  e4 15.Bf4 Bh6 
16.Bxh6 Qxh6 17.h4 Rxd2 18.Qa4 a6 19.Rfd1 Rhd8 
20.Rxd2 Qxd2 21.Qa5 Qxe2 22.c4 
Qxf2+ 0-1

[Event "HCL-B3771"]
[Site "www.playchess.de"]
[Date "2006.01.01"]
[Round "20"]
[White "GMO"]
[Black "nichju"]
[WhiteElo "1312"]
[BlackElo "1017"]
[PlyCount "104"]
[Result "1-0"]

1.e4 e5 2.Bc4 Nf6 3.d3 Nc6 4.Nf3 Bc5 5.h3 O-O 
6.O-O d6 7.a3 Nd4 8.Nxd4 Bxd4 9.c3 Bb6 10.Bg5 h6 
11.Bh4 d5 12.exd5 e4 13.dxe4 Qd6 14.Bg3 Qxg3 
15.Nd2 Bxh3 16.Qf3 Qh4 17.Qxh3 Qg5 18.Nf3 Qf4 
19.Qh4 Qxe4 20.Qxe4 Nxe4 21.Bd3 Nc5 22.Bc4 Ne4 
23.Rae1 Ng3 24.Kh2 Nxf1+ 25.Rxf1 Rae8 26.Bb5 Red8 
27.c4 a6 28.Ba4 Rd6 29.Ne5 Bd4 30.Nd7 Re8 31.Nc5 
Re5 32.g3 Rh5+ 33.Kg2 f5 34.Ne6 c6 35.Nxd4 f4 
36.Bd1 Rg5 37.Nf3 Rg4 38.Nh2 Rgg6 39.Bh5 Rg5 
40.Bg4 cxd5 41.Rd1 Rf6 42.cxd5 f3+ 43.Bxf3 Rd6 
44.Nf1 h5 45.Rd4 Rf5 46.Rf4 Rxf4 47.gxf4 Rxd5 
48.Bxd5+ Kh7 49.Bxb7 g6 50.Bxa6 Kh6 51.b4 h4 
52.Kh3 g5 1-0

[Event "HCL-E1523"]
[Site "www.playchess.de"]
[Date "2006.01.01"]
[Round "5"]
[White "redstar"]
[Black "Eishockeytorwart"]
[WhiteElo "2000"]
[BlackElo "1944"]
[PlyCount "38"]
[Result "0-1"]

1.e4 {Hello}  e5 {welome from Mönchengladbach 
(Germany)}  2.Nf3 {ah, borussia...bad memory...}  
Nc6 {bad memory why ?}  3.Bb5 {UEFA cup final 
1978, I guess...}  a6 {a long long time}  4.Ba4 
Nf6 5.O-O Be7 6.Re1 b5 7.Bb3 d6 8.c3 Bg4 9.d3 O-O 
10.h3 Bh5 11.Nbd2 Na5 12.Bc2 Nc6 13.Nf1 d5 14.g4 
Bg6 15.Ng3 Bc5 {merry Christmas}  16.Qe2 {And to 
you too!}  Re8 17.Nh4 Nxe4 18.dxe4 Qxh4 19.exd5 
Qxg3+ 0-1

[Event "HCL-T254"]
[Site "www.playchess.de"]
[Date "2006.01.01"]
[Round "4"]
[White "stevetilbury"]
[Black "reddog"]
[WhiteElo "1523"]
[BlackElo "1816"]
[PlyCount "49"]
[Result "1-0"]

1.d4 Nf6 2.c4 e6 3.Nc3 Bb4 4.Qb3 c5 5.dxc5 Na6 
6.Bd2 O-O 7.Rd1 Qe7 8.a3 Bxc5 9.e3 d5 10.Nf3 Rd8 
11.Be2 Nc7 12.O-O Ne4 13.Bc1 Bd6 {May I wish u a 
Merry Xmas & a happy, prosperous & winning new 
year}  14.cxd5 {Seasons Greetings to you also - 
just off back into work for 10hours!}  exd5 {Me 
and my partner, Tracey own and run a restaurant so 
I know how you must feeling!}  15.Qc2 {Where in 
the uk are you?}  Bf5 {Ipswich, Suffolk.}  16.Qb3 
Nc5 17.Qa2 Bc2 18.Rd2 {I have a work colleague 
from Ipswich - what is the name of your 
restaurant?}  Bb3 {MexiMix, www.meximix.com, 24 
St. Helens street - closed for the rest of the 
week - it's snowing so I'm staying in!}  19.Qb1 
{Yes - the snow doesn't look good, I have to drive 
at 6 am tomorrow}  Ne4 {Oh dear that sounds 
somewhat unattractive}  20.Nxe4 dxe4 21.Nd4 {It 
wasn't too bad in the end - there's virtually no 
traffic on the road this weekend}  Qe5 {I had to 
go out today and went by car, and here it was not 
so bad. I/we live just off the town center so I've 
no idea as to the state of the countryside apart 
from what is reported on the tv/radio}  22.g3 
{This morning was quite a surprise - no ice on the 
car and even when I got to the A10 and Welwyn it 
wasn't anywhere near as bad as I thought.}  Bd5 
{Well it's not so good around here today but hey 
I'm staying put. We have suppliers from the Welwyn 
area and I know the delivery guy 'Dave' will be an 
unhappy chap if he has to work the Ipswich area.}  
23.b4 Qg5 24.Rfd1 Rac8 25.Nb5 1-0

[Event "HCL-M858"]
[Site "www.playchess.de"]
[Date "2006.01.01"]
[Round "8"]
[White "dorge"]
[Black "luciano59"]
[WhiteElo "1979"]
[BlackElo "2269"]
[PlyCount "80"]
[Result "1/2-1/2"]

1.d4 {good luck ... again I think}  Nf6 {hi 
friend....good game}  2.Bf4 {will try my best :)}  
d5 3.e3 Bg4 4.Nf3 e6 5.Bb5+ c6 6.Bd3 Bd6 7.Bxd6 
Qxd6 8.Nbd2 Nbd7 9.h3 Bxf3 10.Qxf3 c5 11.c3 O-O 
12.O-O Rac8 13.Rfd1 Rfe8 14.Bb5 Qb6 15.a4 a6 
16.Bxd7 Nxd7 17.b3 Qd6 18.a5 Nb8 19.dxc5 Rxc5 
20.e4 Qe5 21.c4 Nc6 22.b4 Nd4 23.Qe3 Rcc8 24.Rac1 
Rcd8 25.Rde1 dxc4 26.Rxc4 Nc6 27.Nb3 Qb5 28.Qc5 
Rd3 29.Rb1 Rxb3 30.Rxb3 Nxa5 31.Qxb5 axb5 32.bxa5 
bxc4 33.Rxb7 Rc8 34.Rb2 g5 35.Kf1 c3 36.Rc2 Ra8 
37.Rxc3 Rxa5 38.Ke2 Kg7 39.Ke3 Ra1 40.e5 Kg6 
{(offering draw)}  1/2-1/2

[Event "HCL-C3959"]
[Site "www.playchess.de"]
[Date "2006.01.01"]
[Round "6"]
[White "tusnelda"]
[Black "Satellite"]
[WhiteElo "1112"]
[BlackElo "1154"]
[PlyCount "90"]
[Result "1/2-1/2"]

1.e4 c5 2.Bc4 e6 3.d3 Nc6 4.Nf3 Bd6 5.Bg5 Be7 6.h4 
d6 7.Nc3 f6 8.Be3 e5 9.Qd2 Qb6 10.Na4 Qa5 11.Qxa5 
Nxa5 12.Bd5 Bd7 13.Nc3 Bc6 14.Bd2 b6 15.Nb5 Bd8 
16.Nxd6+ Kf8 17.d4 exd4 18.Bxa5 Ne7 19.Nf7 Bxd5 
20.Nxh8 Bxe4 21.Bd2 Bxf3 22.gxf3 Kg8 23.Ng6 Nxg6 
24.O-O-O Ne5 25.Rh3 Bc7 26.b3 d3 27.Kb1 dxc2+ 
28.Kxc2 Rd8 29.Bc3 Rxd1 30.Kxd1 c4 31.Bxe5 Bxe5 
32.bxc4 Bd4 33.Ke2 a5 34.f4 f5 35.Rb3 h5 36.f3 a4 
37.Rb5 g6 38.Rb4 a3 39.Rb3 Bc5 40.Rd3 Be7 41.Rd5 
Bxh4 42.Re5 Kf7 43.Rb5 Bd8 44.Rb3 Kf6 45.Rxa3 Ke7 
{(offering draw) All best wishes for 2006!} 
 1/2-1/2

[Event "HCL-A2528"]
[Site "www.playchess.de"]
[Date "2006.01.01"]
[Round "6"]
[White "schnitzly"]
[Black "MimiSiku"]
[WhiteElo "1285"]
[BlackElo "1494"]
[PlyCount "102"]
[Result "0-1"]

1.d4 {Auf ein neues Spiel! Viel Spass!}  e6 
{Servus!}  2.c4 d5 3.e3 Nf6 4.Nf3 dxc4 5.Bxc4 Nc6 
6.O-O b6 7.Nc3 Bb7 8.a3 Bd6 9.Re1 O-O 10.d5 exd5 
11.Nxd5 Nxd5 12.Bxd5 Na5 13.Bxb7 Nxb7 14.Bd2 Qf6 
15.Bc3 Qh6 16.Qd5 Nc5 17.Rad1 Rad8 18.Qg5 Bxh2+ 
19.Kf1 Qxg5 20.Nxg5 Bd6 21.b4 Nd7 22.Ne4 Be7 
23.Rd2 Rfe8 24.Red1 Nf8 25.Be5 Rxd2 26.Rxd2 Ne6 
27.Rd7 Bd8 28.Nc3 f6 29.Bg3 Re7 30.Rxe7 Bxe7 
31.Nb5 c5 32.Nxa7 cxb4 33.axb4 Bxb4 34.Nb5 Kf7 
35.f4 Nc5 36.Ke2 g6 37.Be1 Bxe1 38.Kxe1 f5 39.g3 
Ne4 40.g4 fxg4 41.Ke2 h5 42.Kf1 g3 43.Kg2 Kf6 
44.Kf3 h4 45.Nd4 h3 46.Ne2 g2 47.Ng1 Nd2+ 48.Kg3 
b5 49.Kxh3 b4 50.Kxg2 b3 51.Ne2 
Ne4 0-1

[Event "HCL-B3734"]
[Site "www.playchess.de"]
[Date "2006.01.01"]
[Round "17"]
[White "adamant"]
[Black "Bense"]
[WhiteElo "1251"]
[BlackElo "1061"]
[PlyCount "98"]
[Result "0-1"]

1.d4 f6 2.e3 e5 3.c3 Nc6 4.Bd3 Nge7 5.f4 exd4 
6.exd4 d6 7.Nf3 Nd5 8.O-O g6 9.Re1+ Be7 10.g3 h5 
11.Qe2 O-O 12.Nbd2 Bg4 13.Bxg6 f5 14.h3 Bxf3 
15.Qxf3 h4 16.gxh4 Bxh4 17.Re2 Nde7 18.Qh5 Kg7 
19.Qh7+ Kf6 20.Qxh4+ Kxg6 21.Qg5+ Kf7 22.Qh5+ Ng6 
23.Qxf5+ Kg7 24.Qh5 Nxf4 25.Qg4+ Kh7 26.Kh1 Nxe2 
27.Qxe2 Qh4 28.Nf3 Qxh3+ 29.Kg1 Kh8 30.Qh2 Rfg8+ 
31.Kh1 Qxh2+ 32.Nxh2 {31..QxN would have won the 
game in 2 moves!}  Rae8 33.Bf4 Re2 34.b4 Rc2 
35.Rc1 Rxa2 36.b5 Na5 37.c4 Nb3 38.Rd1 Rgg2 39.c5 
dxc5 40.Bxc7 c4 41.Be5+ Kh7 42.d5 c3 43.d6 c2 
44.Rc1 Nxc1 45.Kxg2 Nd3 46.d7 c1Q+ 47.Kh3 Qe3+ 
48.Bg3 Nf2+ 49.Kh4 Qh6+ 0-1

[Event "HCL-A2479"]
[Site "www.playchess.de"]
[Date "2006.01.01"]
[Round "1"]
[White "AidyT"]
[Black "Matu"]
[WhiteElo "1345"]
[BlackElo "1526"]
[PlyCount "115"]
[Result "1-0"]

1.e4 {Hi again.}  c6 {hi again}  2.Nf3 d5 3.d3 
dxe4 4.dxe4 Bg4 5.Qxd8+ Kxd8 6.Be2 Bxf3 7.Bxf3 e6 
8.O-O Nf6 9.Nc3 Nbd7 10.Rd1 Bb4 11.Bd2 Ke7 12.a3 
Ba5 13.b4 Bc7 14.Ne2 Ne5 15.Bc3 Nxf3+ 16.gxf3 Rad8 
17.Kg2 Rxd1 18.Rxd1 Rd8 19.Rxd8 Bxd8 20.Nd4 g6 
21.b5 c5 22.Nb3 b6 23.Kg3 Bc7+ 24.Kh3 Nh5 25.Bd2 
Nf4+ 26.Bxf4 Bxf4 27.c4 Kd6 28.Na1 Bc1 29.a4 Ke5 
30.Nc2 Kf4 31.Kg2 g5 32.Ne1 Ke5 33.Nc2 h5 34.Kg3 
f5 35.exf5 exf5 36.h3 h4+ 37.Kg2 Kf4 38.Ne1 Ke5 
39.Nd3+ Kd4 40.Nxc1 Kxc4 41.Kf1 Kb4 42.Nd3+ Kxa4 
43.f4 gxf4 44.Nxf4 Kxb5 45.Ke2 a5 46.Kd2 a4 47.Kc2 
Kc4 48.Ng2 a3 49.Ne3+ Kd4 50.Nxf5+ Ke5 51.Nxh4 b5 
52.Kb3 b4 53.Ng6+ Kf6 54.Nf4 c4+ 55.Ka2 Kg5 56.Nd5 
Kh4 57.f4 c3 58.Kb3 1-0